000
00271nam a2200109Ia 4500
008
190216s9999||||xx |||||||||||||| ||und||
100
_a
Shri Krishan
245
0
_a
Hindi- Pachchis Hasya - Vyangya Rachnayen
260
_b
Akhil Bharti
_c
2006
650
_a
Hindi
942
_c
BK
999
_c
16428
_d
16428